Normal view
MARC view
- الوعظ والارشاد- القصص الدينية
Entry Topical Term
001 - CONTROL NUMBER
- control field: 13841
003 - CONTROL NUMBER IDENTIFIER
- control field: JO-AjAnu
005 - DATE AND TIME OF LATEST TRANSACTION
- control field: 20230606072519.0
008 - FIXED-LENGTH DATA ELEMENTS
- fixed length control field: 230606|| aca||aabn | a|a d
040 ## - CATALOGING SOURCE
- Original cataloging agency: JO-AjAnu
- Transcribing agency: JO-AjAnu
150 ## - HEADING--TOPICAL TERM
- Topical term or geographic name entry element: الوعظ والارشاد- القصص الدينية
670 ## - SOURCE DATA FOUND
- Source citation: Work cat.: (JO-AjAnu)7117: حشيمة،سامر محي الدين ؛ تحقيق: أحمد إسماعيل أبو مشرف, author 13840, مواعظ الجالسين من قصص الصالحين: 159 قصة من قصص الصالحين